Văn hóa dân gian làng nghề Kiêu Kỵ

में बचाया:
ग्रंथसूची विवरण
मुख्य लेखक: Nguyễn Quang Lê
स्वरूप: पुस्तक
भाषा:Vietnamese
प्रकाशित: H. Văn hóa thông tin 2011
श्रृंखला:ĐTTS ghi: Hội văn nghệ dân gian Việt Nam
टैग : टैग जोड़ें
कोई टैग नहीं, इस रिकॉर्ड को टैग करने वाले पहले व्यक्ति बनें!
Thư viện lưu trữ: Mạng thư viện Đại học Đà Nẵng
LEADER 00946nam a2200277 4500
001 000015962
003 12350
005 20120607080609.0
008 120607s2011 viesd
041 0 |a vie 
082 |a 930.09597  |b NG-L 
100 0 |a Nguyễn Quang Lê 
245 0 |a Văn hóa dân gian làng nghề Kiêu Kỵ  |c Nguyễn Quang Lê 
260 |a H.  |b Văn hóa thông tin  |c 2011 
300 |a 167 tr.  |c 21 cm. 
490 |a ĐTTS ghi: Hội văn nghệ dân gian Việt Nam 
OWN |a LSP 
AVA |a UDN50  |b LSP  |d 930.09597 NG-L  |e available  |t Error 5001 Not defined in file expand_doc_bib_avail.  |f 1  |g 0  |h N  |i 0  |k 1 
999 |a From the UDN01 
AVA |a UDN50  |b LSP  |d 930.09597 NG-L  |e available  |t Error 5001 Not defined in file expand_doc_bib_avail.  |f 1  |g 0  |h N  |i 0  |k 1 
TYP |a Monograph 
TYP |a Printed language 
980 |a Mạng thư viện Đại học Đà Nẵng